00663 2200217 4500001002100000005001700021008004100038020001800079035002500097040001200122082001600134084002200150090002200172100002100194245010400215260003900319300003500358650001800393850001200411990002200423INLIS00000000000317320150929113341.0  a602-18660-2-9 a0010-041500000000239 aYOPDYOG aDEP 808.301 aDEP 808.301 Yus T aDEP 808.301 Yus T aYUSRON AMINULLOH aTauladannya sebening cahaya : Kisah-kisah inspiratif sederhana tapi penuh makna /cYusron Aminulloh aYogyakartabAswaja Pressindoc2013 axi, 135 hlm. :bilus. ;c21 cm aCerita pendek aYOPDYOG aCB-D.11-2013-1935